00418nam a2200145Ia 4500008004100000041000800041082001700049100001600066245006900082250001200151260001800163300002800181365001600209700004700225230718s9999 xx 000 0 und d aeng a004.165bMAZ aMazidi M.A. a8051 Microcontroller And Embedded Systems bUsing Assembly And C a2nd ed. c2001bPearson a1078dRef 955 E (27104) cRs.b325.00 aMazidi M.A., Mazidi J.G. & Mckinaly R.D.